សិក្សាអំពីការអនុវត្តផែនការប្រើប្រាស់ដីនៅ ឃុំតាំងស្យា ស្រុកភ្នំស្រួច ខេត្តកំពង់ស្ពឺ STUDY ON THE IMPLEMENTATION OF LAND USE PLAN IN TAING SYA COMMUNE, PHNOM SROUCH DISTRICT, KAMPONG SPEU PROVINCE (Record no. 24907)

000 -LEADER
fixed length control field 00717nam a22001337a 4500
040 ## - CATALOGING SOURCE
Transcribing agency RUA
082 ## - DEWEY DECIMAL CLASSIFICATION NUMBER
Classification number LMA DOR 2024 B1-398 Or.1
100 ## - MAIN ENTRY--AUTHOR NAME
Personal name ដន រ៉េម DORN REM
245 ## - TITLE STATEMENT
Title សិក្សាអំពីការអនុវត្តផែនការប្រើប្រាស់ដីនៅ ឃុំតាំងស្យា ស្រុកភ្នំស្រួច ខេត្តកំពង់ស្ពឺ STUDY ON THE IMPLEMENTATION OF LAND USE PLAN IN TAING SYA COMMUNE, PHNOM SROUCH DISTRICT, KAMPONG SPEU PROVINCE
260 ## - PUBLICATION, DISTRIBUTION, ETC. (IMPRINT)
Place of publication RUA
Name of publisher PHNOM PENH
Year of publication 2024
300 ## - PHYSICAL DESCRIPTION
Number of Pages ix
Other physical details ill
Dimensions 29cm
856 ## - ELECTRONIC LOCATION AND ACCESS
Uniform Resource Identifier https://drive.google.com/file/d/10CpQMwlYTizSHGjvDtju8_O80wmHRPPh/view?usp=sharing
942 ## - ADDED ENTRY ELEMENTS (KOHA)
Koha item type LMA
952 ## - LOCATION AND ITEM INFORMATION (KOHA)
Withdrawn status [LOCAL, KOHA] 0
952 ## - LOCATION AND ITEM INFORMATION (KOHA)
Withdrawn status [LOCAL, KOHA] 0
Holdings
Permanent Location Date acquired Koha item type Lost status Shelving location Barcode Current Location Full call number
Library Block B2025-05-12LMA B1.398a083486Library Block BLMA DOR 2023 B1-398 Or.1
Library Block B2025-05-12LMA B1.398a082910Library Block BLMA DOR 2023 B1-398 Or.2
មជ្ឈមណ្ឌលឯការនៃសាកលវិទ្យាល័យភូមិន្ទកសិកម្មចំការដូង

Powered by Koha